|
|
|
|
| LEADER |
01590nam a2200313 a 4500 |
| 001 |
GR-MES14802 |
| 008 |
021203r20001997gr 000 0 gre d |
| 020 |
|
|
|a 9603932264
|
| 040 |
|
|
|a GrPaTEI
|b gre
|c GR-PaULI
|
| 040 |
|
|
|a GrPaTEI
|b gre
|c GR-PaULI
|
| 041 |
0 |
|
|a gre
|h eng
|
| 044 |
|
|
|b gr
|
| 082 |
|
0 |
|a 616.852 2
|2 21
|
| 100 |
1 |
|
|a Silove, Derrick,
|d 1951-
|
| 245 |
1 |
0 |
|a Ξεπερνώντας τον πανικό :
|b Ένας οδηγός αυτοβοήθειας με γνωσιακές-συμπεριφοριστικές τεχνικές /
|c Derrick Silove, Vijaya Manicavasagar ; Μετάφραση Νίκος Βουλαλάς ; Επιστημονική επιμέλεια Θωμάς Καλπάκογλου.
|
| 260 |
|
|
|a Αθήνα :
|b Ελληνικά Γράμματα,
|c 2000
|
| 300 |
|
|
|a 205 σ. :
|b πιν. ;
|c 20 εκ.
|
| 500 |
|
|
|a Μετάφραση από: Overcoming panic: a self-help guide using cognitive behavioral techniques.
|
| 504 |
|
|
|a Περιλαμβάνει βιβλιογραφία.
|
| 650 |
|
4 |
|a ΑΓΟΡΑΦΟΒΙΑ
|
| 650 |
|
4 |
|a ΔΙΑΤΑΡΑΧΕΣ ΠΑΝΙΚΟΥ
|
| 650 |
|
4 |
|a Προσβολές πανικού
|
| 650 |
|
4 |
|a ΤΕΧΝΙΚΕΣ ΑΥΤΟΒΟΗΘΕΙΑΣ
|
| 700 |
1 |
|
|a Manicavasagar, Vijaya
|
| 700 |
1 |
|
|a Βουλαλάς, Νίκος
|
| 942 |
|
|
|2 ddc
|
| 952 |
|
|
|0 0
|1 0
|2 ddc
|4 0
|6 616_852000000000000_2_SIL
|7 0
|9 272685
|a MSLG
|b MSLG
|c BSC
|d 2021-01-17
|e 24
|f 0
|g 0.00
|l 0
|o 616.852 2 SIL
|p 2420000023227
|r 2021-01-17 00:00:00
|t 1
|w 2021-01-17
|y BK15
|x 20090218 0 ΤΣΑΝΤΑΡΛΙΩΤΗ 1
|x GrPaTEI
|
| 971 |
|
|
|a .b25808515
|b 16-04-20
|c 13-09-16
|
| 999 |
|
|
|c 157750
|d 157750
|